<?xml version="1.0" encoding="UTF-8"?><?xml-stylesheet type="text/xsl" href="static/style.xsl"?><OAI-PMH xmlns="http://www.openarchives.org/OAI/2.0/" xmlns:xsi="http://www.w3.org/2001/XMLSchema-instance" xsi:schemaLocation="http://www.openarchives.org/OAI/2.0/ http://www.openarchives.org/OAI/2.0/OAI-PMH.xsd"><responseDate>2026-05-12T06:50:36Z</responseDate><request verb="GetRecord" identifier="oai:riubu.ubu.es:10259/5395" metadataPrefix="marc">https://riubu.ubu.es/oai/request</request><GetRecord><record><header><identifier>oai:riubu.ubu.es:10259/5395</identifier><datestamp>2022-09-30T22:42:06Z</datestamp><setSpec>com_10259_4244</setSpec><setSpec>com_10259_5086</setSpec><setSpec>com_10259_2604</setSpec><setSpec>col_10259_4245</setSpec></header><metadata><record xmlns="http://www.loc.gov/MARC21/slim" xmlns:doc="http://www.lyncode.com/xoai" xmlns:xsi="http://www.w3.org/2001/XMLSchema-instance" xmlns:dcterms="http://purl.org/dc/terms/" xsi:schemaLocation="http://www.loc.gov/MARC21/slim http://www.loc.gov/standards/marcxml/schema/MARC21slim.xsd">
<leader>00925njm 22002777a 4500</leader>
<datafield tag="042" ind1=" " ind2=" ">
<subfield code="a">dc</subfield>
</datafield>
<datafield tag="720" ind1=" " ind2=" ">
<subfield code="a">Melgosa Gómez, Rodrigo</subfield>
<subfield code="e">author</subfield>
</datafield>
<datafield tag="720" ind1=" " ind2=" ">
<subfield code="a">Trigueros Andrés, Ester</subfield>
<subfield code="e">author</subfield>
</datafield>
<datafield tag="720" ind1=" " ind2=" ">
<subfield code="a">Sanz Díez, Mª Teresa</subfield>
<subfield code="e">author</subfield>
</datafield>
<datafield tag="720" ind1=" " ind2=" ">
<subfield code="a">Cardeira, Martim</subfield>
<subfield code="e">author</subfield>
</datafield>
<datafield tag="720" ind1=" " ind2=" ">
<subfield code="a">Rodrigues, Liliana</subfield>
<subfield code="e">author</subfield>
</datafield>
<datafield tag="720" ind1=" " ind2=" ">
<subfield code="a">Fernández, Naiara</subfield>
<subfield code="e">author</subfield>
</datafield>
<datafield tag="720" ind1=" " ind2=" ">
<subfield code="a">Matias, Ana A.</subfield>
<subfield code="e">author</subfield>
</datafield>
<datafield tag="720" ind1=" " ind2=" ">
<subfield code="a">Bronze, Maria Rosário</subfield>
<subfield code="e">author</subfield>
</datafield>
<datafield tag="720" ind1=" " ind2=" ">
<subfield code="a">Marques, Marta</subfield>
<subfield code="e">author</subfield>
</datafield>
<datafield tag="720" ind1=" " ind2=" ">
<subfield code="a">Paiva, Alexandre</subfield>
<subfield code="e">author</subfield>
</datafield>
<datafield tag="720" ind1=" " ind2=" ">
<subfield code="a">Simões, Pedro</subfield>
<subfield code="e">author</subfield>
</datafield>
<datafield tag="260" ind1=" " ind2=" ">
<subfield code="c">2020-10</subfield>
</datafield>
<datafield tag="520" ind1=" " ind2=" ">
<subfield code="a">The valorization of sardine (Sardina pilchardus) waste (SW) from a canning facility has been investigated within a biorefining approach. Sequential fractionation of SW into its constituents has been carried out using green solvents such as supercritical carbon dioxide (SCCO2) and subcritical water (sCW). The lipid fraction has been isolated through supercritical fluid extraction (SFE) with SCCO2 at 250 bar and 40 °C, yielding 20.3 ± 0.2 g oil/100 g SW with up to 17.2 %wt. omega-3 polyunsaturated fatty acids (PUFAs). Aiming at the protein fraction, sCW extraction/hydrolysis has been carried out at different temperatures (90, 140, 190 and 250 °C), using both SW and defatted sardine waste (DSW) from SFE experiments. Previous defatting increased protein recovery and purity. Bioactive properties of the fish protein hydrolysates (FPHs) obtained were affected by the extraction temperature. The highest antioxidant activity and in vitro antiproliferative effect were found in the extracts obtained at 250 °C.</subfield>
</datafield>
<datafield tag="024" ind2=" " ind1="8">
<subfield code="a">0896-8446</subfield>
</datafield>
<datafield tag="024" ind2=" " ind1="8">
<subfield code="a">http://hdl.handle.net/10259/5395</subfield>
</datafield>
<datafield tag="024" ind2=" " ind1="8">
<subfield code="a">10.1016/j.supflu.2020.104943</subfield>
</datafield>
<datafield ind1=" " ind2=" " tag="653">
<subfield code="a">Sardine waste</subfield>
</datafield>
<datafield ind1=" " ind2=" " tag="653">
<subfield code="a">Subcritical water</subfield>
</datafield>
<datafield ind1=" " ind2=" " tag="653">
<subfield code="a">Fish protein hydrolysate</subfield>
</datafield>
<datafield ind1=" " ind2=" " tag="653">
<subfield code="a">Biorefinery</subfield>
</datafield>
<datafield ind1=" " ind2=" " tag="653">
<subfield code="a">Antioxidant activity</subfield>
</datafield>
<datafield ind1=" " ind2=" " tag="653">
<subfield code="a">Antiproliferative activity</subfield>
</datafield>
<datafield tag="245" ind1="0" ind2="0">
<subfield code="a">Supercritical CO2 and subcritical water technologies for the production of bioactive extracts from sardine (Sardina pilchardus) waste</subfield>
</datafield>
</record></metadata></record></GetRecord></OAI-PMH>